000 00972nam a2200301 i 4500
003 CO-BoRNBP
005 20241011084718.0
007 ta
008 241011s2003 sp |||| |||| 00| 0 esp d
020 _a9788424609481
040 _aCO-BoRNBP
_bspa
_cCO-BoRNBP
_erda
041 _aspa
084 _aN URK
100 1 _aUrkixo, Joanes
_d1955 -
_eautor
_942932
245 _aEl guerrero blanco
_cJoanes Urkixo; corrección, Arantxa Mellado; Estilismo, Ainhoa Eskisabel
250 _aPrimera edición
264 4 _aBarcelona, España
_bEditorial La Galera
_c©2003
336 _2rdacontent
_atexto
_btxt
337 _2rdamedia
_asin mediación
_bn
338 _2rdacarrier
_avolumen
_bnc
490 _aEditores el asociados
650 1 7 _2LEMB
_aLiteratura juvenil
_9314
650 1 7 _2novela de aventuras
_aLEMB
650 1 7 _2LEMB
_aBrujería
_942587
700 _aArantxa Mellao
_ecorrección
_942933
700 _aCass
_eDiseño de la colección
_942934
942 _2ddc
_cBKLIT
999 _c38429
_d38429